Piłkarska kariera Pepa Guardioli. - Statystyki

Ogólne statystyki
  • Ten quiz został rozwiązany 64 razy
  • Średni wynik to 2 z 7
Statystyki odpowiedzi
Lata Drużyna % Poprawnych
1991-2001 Barcelona
100%
1990-1991 Barcelona B
31%
2002-2003 Roma
22%
2001-2002 Brescia
15%
2003-2003 Brescia
15%
2003-2005 Al-Ahli
2%
2006-2007 Dorados de Sinaloa
2%
Nie znaleziono quizów pasujących do podanych kryteriów
Rozkład punktacji
Procent ludzi z każdym wynikiem
Percentyl według liczby udzielonych odpowiedzi
Twoja historia wyników
Nie rozwiązałeś tego quizu